| 000 | 01288nam0a22002891 4500 | ||
|---|---|---|---|
| 001 | rc\3776809 | ||
| 005 | 20120207130101.7 | ||
| 021 |
_aRU _b75-85723 |
||
| 021 |
_aRU _bРг502-76 |
||
| 035 | _a(NLR Aleph) 007228437 | ||
| 090 |
_a7719581 _c7719581 |
||
| 100 | _a20120207d1975 |||y0rusy50 ca | ||
| 101 | 0 | _arus | |
| 102 | _aRU | ||
| 105 | _ay z ||||| | ||
| 200 | 1 |
_aОсобенности течения заболеваний внутренних органов в условиях жаркого климата _eУчеб. пособие для слушателей фак. подготовки врачей и акад. курсов _fВоен.-мед. акад. им. С.М. Кирова |
|
| 210 |
_aЛенинград _cБ. и. _d1975 |
||
| 215 |
_a82 с. _d20 |
||
| 300 | _aПеред загл. авт.: Г.И. Дорофеев, Н.П. Акимов и А.Н. Митропольский. На обл. авт. не указаны | ||
| 700 | 1 |
_aДорофеев _bГ. И. _gГеоргий Иванович |
|
| 701 | 1 |
_aАкимов _bН. П. _gНиколай Петрович |
|
| 701 | 1 |
_aМитропольский _bА. Н. _gАндрей Николаевич |
|
| 801 | 0 |
_aRU _bNLR _gpsbo |
|
| 801 | 1 |
_aRU _bELAR _2rusmarc |
|
| 852 |
_aNLR _j76-4/807 |
||
| 942 | _cBOOK | ||
| 980 | _aNB | ||